000
00308nam a22001457a 4500
008
231004b ||||| |||| 00| 0 eng d
020
_a
0691072876
041
_a
eng
080
_a
101
082
_a
101MIL
100
_a
44
101
_a
FILOZO
245
_a
POPPER SELECTIONS
_c
MILLER.D
942
_2
udc
_c
BK
999
_c
60416
_d
60416